|
|
|
|
| LEADER |
00607cam a2200193 a 4500 |
| 001 |
0000112105 |
| 005 |
20090609090000.0 |
| 040 |
|
|
|a mod
|
| 041 |
|
|
|a eng
|
| 020 |
0 |
0 |
|a 9780060891756
|
| 090 |
0 |
0 |
|a 028.8
|b YOU
|e 2007
|
| 245 |
0 |
0 |
|a You've got to read this book
|b 55 people tell the story of the book that changed their life
|c compiled by Jack Canfield...[et.al.]
|
| 260 |
0 |
0 |
|a New York
|b Collins
|c 2007
|
| 300 |
0 |
0 |
|a xviii, 286 p.
|c 23 cm
|
| 650 |
0 |
0 |
|a Books and reading
|
| 650 |
0 |
0 |
|a Life change events
|
| 700 |
1 |
1 |
|a Canfield
|h Jack
|
| 852 |
0 |
0 |
|a 01
|
| 999 |
|
|
|a 0274715
|b PUSWATAN
|d BOOKS
|e Umum
|f PUSWATAN
|j AVAILABLE
|q GOOD CONDITION
|